Francisco Toledo (Record no. 10509)

MARC details
000 -CABECERA
campo de control de longitud fija 00787nam a2200217 a 4500
001 - NÚMERO DE CONTROL
campo de control BRL_1701
005 - FECHA Y HORA DE LA ÚLTIMA TRANSACCIÓN
campo de control 20190320211329.0
008 - DATOS DE LONGITUD FIJA--INFORMACIÓN GENERAL
campo de control de longitud fija 270514s1980----mx-a######---#000-0#spa-#
041 ## - CÓDIGO DE LENGUA
Código de lengua del texto/banda sonora o título independiente spa
044 ## - CÓDIGO DEL PAÍS DE LA ENTIDAD EDITORA/PRODUCTORA
Código MARC del país mx
050 #4 - SIGNATURA TOPOGRÁFICA DE LA BIBLIOTECA DEL CONGRESO
Número de clasificación N6559.T65
Número de documento/Ítem .F73 1980
245 10 - MENCIÓN DE TÍTULO
Título Francisco Toledo
Resto del título exposición Retrospectiva, 1963/1979 : óleos, técnicas mixtas, dibujos, gouaches, acuarelas, gráficas, esculturas en bronce, cerámica
260 ## - PUBLICACIÓN, DISTRIBUCIÓN, ETC.
Lugar de publicación, distribución, etc. México
Nombre del editor, distribuidor, etc. INBA : SEP
Fecha de publicación, distribución, etc. 1980
300 ## - DESCRIPCIÓN FÍSICA
Extensión 70 p.
Otras características físicas il., láminas
Dimensiones 27 cm.
500 ## - NOTA GENERAL
Nota general Au2135
500 ## - NOTA GENERAL
Nota general Catálogo de la exposición celebrada en el Museo de Arte Moderno, Bosque de Chapultepec, México D.F., 1980
600 14 - PUNTO DE ACCESO ADICIONAL DE MATERIA--NOMBRE DE PERSONA
Nombre de persona Toledo, Francisco
Fechas asociadas al nombre 1940-
Subdivisión de forma Exposiciones
9 (RLIN) 26261
650 14 - PUNTO DE ACCESO ADICIONAL DE MATERIA--TÉRMINO DE MATERIA
Término de materia o nombre geográfico como elemento de entrada Pintores mexicanos
9 (RLIN) 4220
902 ## - CATALOGADOR
Iniciales GRL
942 ## - ELEMENTOS DE PUNTO DE ACCESO ADICIONAL (KOHA)
Fuente del sistema de clasificación o colocación Library of Congress Classification
Tipo de ítem Koha Libros
Holdings
Estado de retiro Estado de pérdida Estado dañado No para préstamo Localización permanente Ubicación/localización actual Fecha de adquisición Número de inventario Total de préstamos Signatura topográfica completa Código de barras Fecha visto por última vez Precio válido a partir de Tipo de ítem Koha
El ejemplar forma parte de la colección y puede ser consultado según las políticas vigentes.       Biblioteca Centro de Estudios Ruth D. Lechuga Biblioteca Centro de Estudios Ruth D. Lechuga 27/05/2014 Au2135   N6559.T65 .F73 1980 (Au2135) GRL01867 22/03/2019 22/03/2019 Libros